Elements of finite probability /
Guardado en:
| Autor Principal: | |
|---|---|
| Otros Autores: | |
| Formato: | Libro |
| Idioma: | English |
| Publicado: |
San Francisco :
Holden-Day,
1965.
|
| Series: | Holden-Day series in probability and statistics
|
| Etiquetas: |
Agregar Etiqueta
Sin Etiquetas, Sea el primero en etiquetar este registro!
|
| LEADER | 00623nam a22001815a 4500 | ||
|---|---|---|---|
| 001 | MAT.inmabb001575 | ||
| 008 | 031124s1965####xxu###########000#0#eng#d | ||
| 005 | 20130226152750.0 | ||
| 245 | 1 | 0 | |a Elements of finite probability / |c J. L. Hodges, Jr. and E. L. Lehman. |
| 260 | |a San Francisco : |b Holden-Day, |c 1965. | ||
| 300 | |a vi, 230 p. ; |c 24 cm. | ||
| 440 | 0 | |a Holden-Day series in probability and statistics | |
| 510 | 4 | |a MR, |c 31 #2739 | |
| 100 | 1 | |a Hodges, J. L. |q (Joseph Lawson), |d 1922- | |
| 700 | 1 | |a Lehmann, E. L. |q (Erich Leo), |d 1917- | |
| 084 | |a 60-01 |2 msc2000 | ||
| 010 | |a 64066419 | ||
| 859 | |h 60 |i H688 |p A-1952 |b BIB. MATEMATICA | ||
